Football : Les équipes européennes n'ayant pas joué la Coupe du monde - Statistiques

Statistiques générales
  • Ce quiz a été pris 444 fois
    385 depuis la dernière actualisation
  • Le résultat moyen est 16 sur 22
Statistiques - réponses
Initiale Pays % Correct
A Albanie
89%
L Lituanie
88%
SM Saint-Marin
88%
A Andorre
87%
L Lettonie
86%
E Estonie
85%
F Finlande
85%
K Kosovo
79%
L Luxembourg
78%
M Macédoine
78%
L Liechtenstein
76%
B Biélorussie
75%
M Moldavie
75%
A Arménie
73%
G Géorgie
73%
M Monténégro
73%
C Chypre
72%
M Malte
72%
K Kazakhstan
66%
A Azerbaïdjan
53%
G Gibraltar
39%
F Iles Féroé
33%
Aucun quiz correspondant
Distribution des résultats
% des personnes avec chaque résultat
Percentile par nombre de réponses
Votre historique - résultats
Vous n’avez pas pris ce quiz depuis la dernière actualisation